| 000 | 00339cam a22000977a 4500 | ||
|---|---|---|---|
| 008 | 180718b1955 xxu||||| |||| 00| 0 eng d | ||
| 082 | _aB1242x5444 M999 | ||
| 245 | _aHarijan on the March: effective measures taken in Mysore for their uplift | ||
| 260 |
_aBangalore _bThe Director of Printing, Stationery and Publications _c1955 |
||
| 300 | _a60p. | ||
| 999 |
_c489021 _d489021 |
||